LIBRARY ONLINE CATALOGUE

The Photoshop cs2 book for digital photographers / (Record no. 8555)

MARC details
000 -LEADER
fixed length control field 00611cam a22002052 4500
001 - CONTROL NUMBER
control field 0000018402
005 - DATE AND TIME OF LATEST TRANSACTION
control field 20151217152127.0
008 - FIXED-LENGTH DATA ELEMENTS--GENERAL INFORMATION
fixed length control field 091026s xx 000 0 eng d
020 ## - INTERNATIONAL STANDARD BOOK NUMBER
International Standard Book Number 0321330625 :
040 ## - CATALOGING SOURCE
Original cataloging agency KABU
Transcribing agency KABU
100 1# - MAIN ENTRY--PERSONAL NAME
Personal name Kelby, Scott.
-- 0000177634
245 14 - TITLE STATEMENT
Title The Photoshop cs2 book for digital photographers /
Statement of responsibility, etc. Scott Kelby.
250 ## - EDITION STATEMENT
Edition statement 1st ed.
260 ## - PUBLICATION, DISTRIBUTION, ETC. (IMPRINT)
Place of publication, distribution, etc. New York :
Name of publisher, distributor, etc. New Riders,
Date of publication, distribution, etc. 2005.
300 ## - PHYSICAL DESCRIPTION
Extent xvii, 457 p.
650 #0 - SUBJECT ADDED ENTRY--TOPICAL TERM
Topical term or geographic name as entry element Photography
General subdivision Digital techniques.
-- 0000177704
852 1# - LOCATION
-- p3045 KES
908 ## - PUT COMMAND PARAMETER (RLIN)
Put command parameter 091026
950 ## - LOCAL HOLDINGS (RLIN)
-- 1
Holdings
Withdrawn status Lost status Source of classification or shelving scheme Not for loan Home library Current library Date acquired Total Checkouts Full call number Barcode Date last seen Date last checked out Price effective from Koha item type
    Library of Congress Classification   Kabarak, Main Campus Kabarak, Main Campus 17/12/2015 2 TR267 .K45 2005 c. 1 18209 19/02/2023 05/02/2023 17/12/2015 General Collection